Cómo ser un gran estudiante de matemáticas: el dominio de las matemáticas / Richard Manning Smith (Registro nro. 12525)
[ vista simple ]
| 000 -LÍDER | |
|---|---|
| fixed length control field | 00497nam a2200157 4500 |
| 008 - ELEMENTOS DE LONGITUD FIJA -- INFORMACIÓN GENERAL | |
| fixed length control field | 0 1999 0a 000 0MEX |
| 020 ## - NÚMERO INTERNACIONAL NORMALIZADO PARA LIBROS | |
| ISBN | 968-7529-68-7 |
| 050 ## - SIGNATURA TOPOGRAFICA DE LA BIBLIOTECA DEL CONGRESO (LC) | |
| Número de Clasificación | QA141 S34 1998 |
| 082 ## - NUMERO DE CLASIFICACION DECIMAL DEWEY | |
| Número de Clasificación | 510 S283c |
| 100 ## - ASIENTO PRINCIPAL--NOMBRE PERSONAL | |
| Nombre personal | Smith, Richard Manning |
| 245 ## - TÍTULO | |
| Título | Cómo ser un gran estudiante de matemáticas: el dominio de las matemáticas / Richard Manning Smith |
| 250 ## - MENCIÓN DE EDICIÓN | |
| Mención de edición | 3 |
| 260 ## - PUBLICACIÓN, DISTRIBUCIÓN, ETC. (PIE DE IMPRENTA) | |
| Lugar de publicación, distribución, etc. | México : Thomson |
| 300 ## - DESCRIPCIÓN FÍSICA | |
| Extensión | xvi, 201 p. / 23 cm. |
| 650 ## - ASIENTO SECUNDARIO DE MATERIA - TERMINO TEMÁTICO | |
| Término temático o nombre geográfico como elemento de entrada | 1.MATEMATICAS-ESTUDIO Y ENSEÑANZA |
| No. biblioteca | No. biblioteca | Número de clasificación | Código de barras/Número de adquisición | Número de copia | Tipo de material |
|---|---|---|---|---|---|
| LUIS G. INCLAN | LUIS G. INCLAN | 510 S283c | 38535 | 1 | Libros |
| LUIS G. INCLAN | LUIS G. INCLAN | 510 S283c | 38536 | 2 | Libros |
| LUIS G. INCLAN | LUIS G. INCLAN | 510 S283c | 38537 | 3 | Libros |
| LUIS G. INCLAN | LUIS G. INCLAN | 510 S283c | 38538 | 4 | Libros |
| LUIS G. INCLAN | LUIS G. INCLAN | 510 S283c | 41058 | 5 | Libros |
| LUIS G. INCLAN | LUIS G. INCLAN | 510 S283c | 41059 | 6 | Libros |
| LUIS G. INCLAN | LUIS G. INCLAN | 510 S283c | 41060 | 7 | Libros |
| LUIS G. INCLAN | LUIS G. INCLAN | 510 S283c | 41061 | 8 | Libros |
| LUIS G. INCLAN | LUIS G. INCLAN | 510 S283c | 41062 | 9 | Libros |
| LUIS G. INCLAN | LUIS G. INCLAN | 510 S283c | 41063 | 10 | Libros |
